| 000 -LEADER |
| fixed length control field |
00316 a2200121 4500 |
| 008 - FIXED-LENGTH DATA ELEMENTS--GENERAL INFORMATION |
| fixed length control field |
240704b ||||| |||| 00| 0 eng d |
| 020 ## - INTERNATIONAL STANDARD BOOK NUMBER |
| International Standard Book Number |
9783037787069 |
| 082 ## - DEWEY DECIMAL CLASSIFICATION NUMBER |
| Classification number |
720.92 |
| 100 ## - MAIN ENTRY--PERSONAL NAME |
| Personal name |
Maristella Casciato |
| 245 ## - TITLE STATEMENT |
| Title |
Le Corbusier: Album Punjab, 1951 |
| 260 ## - PUBLICATION, DISTRIBUTION, ETC. (IMPRINT) |
| Name of publisher, distributor, etc |
Lars Muller Publishers |
| Date of publication, distribution, etc |
2024 |
| 942 ## - ADDED ENTRY ELEMENTS (KOHA) |
| Source of classification or shelving scheme |
|